A mathematical Tapestry: Demonstration the Beautiful Unity of Mathematics. (Record no. 8301)
[ view plain ]
| 000 -LEADER | |
|---|---|
| fixed length control field | 00560nam a22001937a 4500 |
| 003 - CONTROL NUMBER IDENTIFIER | |
| control field | OSt |
| 005 - DATE AND TIME OF LATEST TRANSACTION | |
| control field | 20240422121831.0 |
| 008 - FIXED-LENGTH DATA ELEMENTS--GENERAL INFORMATION | |
| fixed length control field | 240422b |||||||| |||| 00| 0 eng d |
| 020 ## - INTERNATIONAL STANDARD BOOK NUMBER | |
| International Standard Book Number | 9780521128216 |
| 040 ## - CATALOGING SOURCE | |
| Transcribing agency | DDC |
| 082 ## - DEWEY DECIMAL CLASSIFICATION NUMBER | |
| Classification number | 510 HIL 2010 |
| 100 ## - MAIN ENTRY--PERSONAL NAME | |
| Relator code | Petersen Jean,Hilton Peter. |
| 245 ## - TITLE STATEMENT | |
| Title | A mathematical Tapestry: Demonstration the Beautiful Unity of Mathematics. |
| 260 ## - PUBLICATION, DISTRIBUTION, ETC. (IMPRINT) | |
| Place of publication, distribution, etc. | USA, |
| Name of publisher, distributor, etc. | Cambridge University Press. |
| Date of publication, distribution, etc. | 2010. |
| 300 ## - PHYSICAL DESCRIPTION | |
| Extent | xiv;290p. |
| Other physical details | Ill. |
| Dimensions | 24.6cm. |
| 504 ## - BIBLIOGRAPHY, ETC. NOTE | |
| Bibliography, etc | References,Index. |
| 650 ## - SUBJECT ADDED ENTRY--TOPICAL TERM | |
| Source of heading or term | |
| Topical term or geographic name as entry element | Mathematics |
| 942 ## - ADDED ENTRY ELEMENTS (KOHA) | |
| Source of classification or shelving scheme | Dewey Decimal Classification |
| Koha item type | Open Shelf |
| Withdrawn status | Lost status | Source of classification or shelving scheme | Damaged status | Not for loan | Home library | Current library | Source of acquisition | Inventory number | Total Checkouts | Full call number | Barcode | Date last seen | Koha item type |
|---|---|---|---|---|---|---|---|---|---|---|---|---|---|
| Dewey Decimal Classification | MUST Main Library | MUST Main Library | Donation | 12/35976 | 510 HIL 2010 | 2024-0142 | 22/04/2024 | Open Shelf |
